000 00573nam a2200229Ia 4500
003 OSt
005 20220927110710.0
006 a|||||r|||| 00| 0
007 ta
008 220926b |||||||| |||| 00| 0 eng d
024 _a115470
037 _cReports
040 _aRTL
_cRTL
_beng
041 _2eng
_aeng
082 _a"L:573.2.N6, K1"
100 _aPatwardhan V N
_9379830
245 0 _aNutrition in India
260 _c1961
650 _aMedicine
942 _h"L:573.2.N6, K1"
_cCC
999 _c697657
_d697657